TANTRA ME AYURVEDA (Record no. 8558)

MARC details
000 -LEADER
fixed length control field 00285nam a22001337a 4500
003 - CONTROL NUMBER IDENTIFIER
control field SGT
082 ## - DEWEY DECIMAL CLASSIFICATION NUMBER
Classification number 615.53
Item number T14KH
100 ## - MAIN ENTRY--PERSONAL NAME
Personal name KHANDELWAL,S.N
245 ## - TITLE STATEMENT
Title TANTRA ME AYURVEDA
260 ## - PUBLICATION, DISTRIBUTION, ETC. (IMPRINT)
Place of publication, distribution, etc VARANASI
Name of publisher, distributor, etc CHAUKHAMBHA PUB
Year of Publication 2014
300 ## - PAGE DESCRIPTION
No. of Pages 260
650 ## - SUBJECT ADDED ENTRY--TOPICAL TERM
Topical term or geographic name as entry element AYURVEDA
942 ## - ADDED ENTRY ELEMENTS (KOHA)
Source of classification or shelving scheme Dewey Decimal Classification
Koha item type Books
942 ## - ADDED ENTRY ELEMENTS (KOHA)
-- 1
Holdings
Withdrawn status Lost status Source of classification or shelving scheme Damaged status Not for loan Collection code Home library Current library Shelving location Date acquired Vendor Name Cost, normal purchase price SGTU Bill Number Total Checkouts Full call number Accession No. (Barcode) Date last seen Bill Date Koha item type Date last borrowed
    Dewey Decimal Classification     AYURVEDA SGT FA-FP Library SGT FA-FP Library Text Book 22/03/2016 CHAUKHAMBHA 165.00 SGTU CP/B/776   615.53 T14KH FA4136 22/03/2016 05/01/2016 Books  
    Dewey Decimal Classification     AYURVEDA SGT FA-FP Library SGT FA-FP Library Text Book 22/03/2016 CHAUKHAMBHA 165.00 SGTU CP/B/776   615.53 T14KH FA4137 22/03/2016 05/01/2016 Books  
Withdrawn   Dewey Decimal Classification     AYURVEDA SGT FA-FP Library SGT FA-FP Library Text Book 22/03/2016 CHAUKHAMBHA 165.00 SGTU CP/B/776   615.53 T14KH FA4138 22/03/2016 05/01/2016 Books  
    Dewey Decimal Classification     AYURVEDA SGT FA-FP Library SGT FA-FP Library Text Book 22/03/2016 CHAUKHAMBHA 165.00 SGTU CP/B/776   615.53 T14KH FA4139 22/03/2016 05/01/2016 Books  
    Dewey Decimal Classification     AYURVEDA SGT FA-FP Library SGT FA-FP Library Text Book 22/03/2016 CHAUKHAMBHA 165.00 SGTU CP/B/776   615.53 T14KH FA4140 08/06/2019 05/01/2016 Books  
    Dewey Decimal Classification     AYURVEDA SGT FA-FP Library SGT FA-FP Library Text Book 22/03/2016 CHAUKHAMBHA 165.00 SGTU CP/B/776   615.53 T14KH FA4141 22/03/2016 05/01/2016 Books  
    Dewey Decimal Classification     AYURVEDA SGT FA-FP Library SGT FA-FP Library Text Book 22/03/2016 CHAUKHAMBHA 165.00 SGTU CP/B/776   615.53 T14KH FA4142 22/03/2016 05/01/2016 Books  
    Dewey Decimal Classification     AYURVEDA SGT FA-FP Library SGT FA-FP Library Text Book 22/03/2016 CHAUKHAMBHA 165.00 SGTU CP/B/776   615.53 T14KH FA4143 22/03/2016 05/01/2016 Books  
    Dewey Decimal Classification     AYURVEDA SGT FA-FP Library SGT FA-FP Library Text Book 22/03/2016 CHAUKHAMBHA 165.00 SGTU CP/B/776 1 615.53 T14KH FA4144 09/09/2022 05/01/2016 Books 07/09/2022
    Dewey Decimal Classification     AYURVEDA SGT FA-FP Library SGT FA-FP Library Text Book 22/03/2016 CHAUKHAMBHA 165.00 SGTU CP/B/776   615.53 T14KH FA4145 22/03/2016 05/01/2016 Books